| 000 | 00815cam a22002531i 4500 | ||
|---|---|---|---|
| 001 | sa 68020656 | ||
| 003 | DLC | ||
| 005 | 20260227112726.0 | ||
| 008 | 830526s1963 io a b 000 0 ind | ||
| 010 | _asa 68020656 | ||
| 035 | _a(OCoLC)9548497 | ||
| 040 |
_aDLC _cOAU _dDLC |
||
| 042 | _apremarc | ||
| 050 | 0 | 0 |
_aRA541.I55 _bS97 |
| 100 | 1 |
_aSutedjo, _d1914- |
|
| 245 | 1 | 0 | _aHari depan ilmu kesehatan anak di Indonesia. |
| 260 |
_a[Djakarta ; _c1963?] |
||
| 300 |
_a51 p. : _bill. _c23 cm. |
||
| 500 | _a"Pidato pengukuhan diutjapkan pada penerimaan djabatan gurubesar biasa dalam ilmu kesehatan anak, Fakultas Kedokteran Indonesia." | ||
| 500 | _aThe author's works: p. 46-48. | ||
| 504 | _aBibliography : p. 41-45. | ||
| 650 | 0 |
_aPublic health _zIndonesia. |
|
| 650 | 0 |
_aChild health services _zIndonesia. |
|
| 999 |
_c89543 _d89543 |
||